000 00362nam a2200121Ia 4500
003 GCL
008 140319s9999 xx 000 0 ara d
040 _aGCL /
_cGCL
082 0 4 _aط
_b372.52
_bر ك
100 1 _aشركة رشاد برس
245 1 0 _aكتابى الاول /
_cشركة رشاد برس
490 _aالهيئة العامة للاستعلامات
_v0
999 _c51213
_d51213